Normal view
MARC view
Entry Personal Name
001 - CONTROL NUMBER
- control field: 47487
003 - CONTROL NUMBER IDENTIFIER
- control field: dpl
005 - DATE AND TIME OF LATEST TRANSACTION
- control field: 20120519135817.0
008 - FIXED-LENGTH DATA ELEMENTS
- fixed length control field: 120519|||a|||||| | ||| d
040 ## - CATALOGING SOURCE
- Original cataloging agency: dpl
- Transcribing agency: dpl
100 ## - HEADING--PERSONAL NAME
- Personal name: शर्मा, राजेश
670 ## - SOURCE DATA FOUND
- Source citation: Work cat.: (dpl): शर्मा, राजेश, भारत के महान वैज्ञानिक डॉ. के.एस.कृष्णन / , 2004
670 ## - SOURCE DATA FOUND
- Source citation: Work cat.: (dpl): शर्मा, राजेश, भारत के महान वैज्ञानिक डॉ. के.एस.कृष्णन / , 2004
